Normal view MARC view

Entry Personal Name

Number of records used in: 1

001 - CONTROL NUMBER

  • control field: 56029

003 - CONTROL NUMBER IDENTIFIER

  • control field: dpl

005 - DATE AND TIME OF LATEST TRANSACTION

  • control field: 20230906125020.0

008 - FIXED-LENGTH DATA ELEMENTS

  • fixed length control field: 230906|| aca||aabn | a|a d

040 ## - CATALOGING SOURCE

  • Original cataloging agency: dpl
  • Transcribing agency: dpl

100 ## - HEADING--PERSONAL NAME

  • Personal name: त्रिपाठी, श्रीप्रकाश मणि

670 ## - SOURCE DATA FOUND

  • Source citation: Work cat.: (dpl)197902: त्रिपाठी, श्रीप्रकाश मणि , राजनीतिक सिद्धांत के नवीन पक्ष /, 2018

© Delhi Public Library
Hit Counter
free hit counter